Garay: fundador de Buenos Aires

保存先:
書誌詳細
フォーマット: 図書
言語:スペイン語
出版事項: Buenos Aires Municipalidad de Buenos Aires 1915
主題:
タグ: タグ追加
タグなし, このレコードへの初めてのタグを付けませんか!

MARC

LEADER 00000nam a2200000 a 4500
001 UCO3129
003 CL-VaPUC
008 000714e19150000AG |||||||||||||||||spa|d
082 0 4 |a 982.11  |b GAR  |2 21 
245 1 0 |a Garay: fundador de Buenos Aires 
300 |a 247 p 
942 |c BK 
945 |d 20000714 00:00:00  |a rherrera 
260 |a Buenos Aires  |b Municipalidad de Buenos Aires  |c 1915 
600 0 7 |a DE GARAY, JUAN  |2 CL-VaPUC  |9 447010 
650 0 |a Historia de Argentina  |9 319851 
650 7 |a HISTORIA DE BUENOS AIRES  |2 CL-VaPUC  |9 446969 
650 0 |a Fundación de ciudades  |9 396125 
650 7 |a FUNDADORES  |2 CL-VaPUC  |9 446664 
651 0 |a Argentina  |9 254888 
651 7 |a BUENOS AIRES  |2 CL-VaPUC  |9 255286 
583 |a last modification  |c 20000714 00:00:00  |k Rodrigo Vera 
999 |c 289599  |d 289597 
952 |0 0  |1 0  |4 0  |6 982_110000000000000_GAR_1915  |7 0  |8 X  |9 338164  |a BIBHIS  |b BIBHIS  |d 2019-11-20  |i 1299417  |o 982.11 GAR 1915  |p 1299417  |r 2024-01-30  |w 2019-11-20  |y BK_X  |k HIS